| 000 | 01313nam a22002777a 4500 | ||
|---|---|---|---|
| 999 |
_c121987 _d121987 |
||
| 003 | dpl | ||
| 005 | 20190107131347.0 | ||
| 008 | 190107b ||||| |||| 00| 0 eng d | ||
| 010 | _aB-195984, B-195988 | ||
| 020 |
_c600.00 _a8186304401 |
||
| 035 | _aB-195984 | ||
| 037 | _bCen Lib/Ret | ||
| 040 |
_aDPL _bHN _c0 |
||
| 082 |
_a801.95 _bस्वाति |
||
| 100 |
_aस्वाति श्वेता _9123738 |
||
| 245 |
_aराम की शक्ति पूजा / _cस्वाति श्वेता _bसाहित्यशास्त्र का निर्वचनात्मक संदर्भ / |
||
| 246 |
_aRam ki shakti pooja : Sahityashastra ka nirvachnatmak sandarbha / _bby Swati Shweta |
||
| 260 |
_aदिल्ली _bभारत पुस्तक भंडार _c2006 |
||
| 270 |
_aई 1/265 ए, सोनिया विहार _bदिल्ली |
||
| 300 |
_a400पृ. : _c20सेमी(सजिल्द) |
||
| 650 |
_aहिंदी साहित्य का इतिहास _910161 |
||
| 650 |
_aहिंदी साहित्य का इतिहास _910161 |
||
| 650 |
_aHindi Literature _9123739 |
||
| 650 |
_aHindi Literature- Bharvat Period _910164 |
||
| 942 |
_2ddc _cHN _h801.95 _mस्वाति |
||